FMM directory 2012 Malaysian industries.

Bibliographic Details
Corporate Author: Federation of Malaysian Manufacturers (FMM)
Format: Book
Published: Kuala Lumpur: Federation of Malaysian Manufacturers (FMM), 2012.
Edition:42th ed.
Subjects:
LEADER 01228cam a2200265 7i4500
001 0000027991
005 20120723090000.0
090 0 0 |a CD 338.7025   |b FED (M) 
110 2 0 |a Federation of Malaysian Manufacturers (FMM) 
245 2 0 |a FMM directory 2012 Malaysian industries. 
250 0 0 |a 42th ed. 
260 0 0 |a Kuala Lumpur:   |b Federation of Malaysian Manufacturers (FMM),   |c 2012. 
300 # # |a Electronic computer optical disc (CD-ROM). 
650 0 0 |a Business --   |x Directories --   |z Malaysia  
650 0 0 |a Manufacturers --   |x Directories --   |z Malaysia  
650 0 0 |a Exports --   |x Directories. --   |z Malaysia  
651 0 0 |a Malaysia  
999 |a CDTRG0048H  |b CD-ROM  |c AV Collection  |e MATRADE Southern Regional Office 
999 |a JHR0050H  |b CD-ROM  |c AV Collection  |e MATRADE Southern Regional Office 
999 |a CDJHR0050H  |b CD-ROM  |c AV Collection  |e MATRADE Southern Regional Office 
999 |a CDR001124H  |b CD-ROM  |c AV Collection  |e Business Information Centre 
999 |a CDR001125H  |b CD-ROM  |c AV Collection  |e Business Information Centre 
999 |a CDPNG0095H  |b CD-ROM  |c AV Collection  |e MATRADE Northern Regional Office 
999 |a CDSBH0096H  |b CD-ROM  |c AV Collection  |e MATRADE Sabah 
999 |a CDSRW0076H  |b CD-ROM  |c AV Collection  |e MATRADE Sarawak